ECONOMICS (Record no. 215873)
[ view plain ]
| 000 -LEADER | |
|---|---|
| fixed length control field | 00482nam a22001937a 4500 |
| 008 - FIXED-LENGTH DATA ELEMENTS--GENERAL INFORMATION | |
| fixed length control field | 250709b |||||||| |||| 00| 0 eng d |
| 022 ## - INTERNATIONAL STANDARD SERIAL NUMBER | |
| International Standard Serial Number | 978-1-4737-2533-1 |
| 050 ## - LIBRARY OF CONGRESS CALL NUMBER | |
| Classification number | HB 171 .M36 2017 |
| 100 ## - MAIN ENTRY--PERSONAL NAME | |
| Personal name | MANKIW, N. GREGORY |
| 245 ## - TITLE STATEMENT | |
| Title | ECONOMICS |
| 250 ## - EDITION STATEMENT | |
| Edition statement | 4 |
| 260 ## - PUBLICATION, DISTRIBUTION, ETC. | |
| Place of publication, distribution, etc. | UNITED KINGDOM |
| Name of publisher, distributor, etc. | CENGAGE LEARNING EMEA |
| 300 ## - PHYSICAL DESCRIPTION | |
| Extent | XI, 801P.:ILL |
| 500 ## - GENERAL NOTE | |
| General note | INCLUDES INDEX |
| 650 ## - SUBJECT ADDED ENTRY | |
| Topical term or geographic name entry element | ECONOMICS |
| 700 ## - ADDED ENTRY--PERSONAL NAME | |
| Personal name | TAYLOR, MARK P. |
| 942 ## - ADDED ENTRY ELEMENTS (KOHA) | |
| Source of classification or shelving scheme | Library of Congress Classification |
| Koha item type | Long Loan Book |
| Withdrawn status | Lost status | Source of classification or shelving scheme | Damaged status | Not for loan | Collection | Home library | Current library | Shelving location | Date acquired | Inventory number | Total checkouts | Full call number | Barcode | Date last seen | Copy number | Price effective from | Koha item type |
|---|---|---|---|---|---|---|---|---|---|---|---|---|---|---|---|---|---|
| Library of Congress Classification | Business & Economics | Kisii University Library | Kisii University Library | On Display | 07/09/2025 | 109004 | HB 171 .M36 2017 | 000000022849 | 07/09/2025 | 1 | 07/09/2025 | Long Loan Book | |||||
| Library of Congress Classification | Business & Economics | Kisii University Library | Kisii University Library | On Display | 07/09/2025 | 109005 | HB 171 .M36 2017 | 000000022848 | 07/09/2025 | 2 | 07/09/2025 | Long Loan Book | |||||
| Library of Congress Classification | Business & Economics | Kisii University Library | Kisii University Library | On Display | 07/09/2025 | 109006 | HB 171 .M36 2017 | 000000023963 | 07/09/2025 | 3 | 07/09/2025 | Long Loan Book | |||||
| Library of Congress Classification | Business & Economics | Kisii University Library | Kisii University Library | On Display | 07/09/2025 | 109007 | HB 171 .M36 2017 | 000000023962 | 07/09/2025 | 4 | 07/09/2025 | Long Loan Book | |||||
| Library of Congress Classification | Business & Economics | Kisii University Library | Kisii University Library | On Display | 07/09/2025 | 109008 | HB 171 .M36 2017 | 000000023961 | 07/09/2025 | 5 | 07/09/2025 | Long Loan Book |